[Event "Duesseldorf-ch"]
[Site "Duesseldorf"]
[Date "2005.11.04"]
[Round "7.1"]
[White "Wilczek, Ralph"]
[Black "Hebeker, Friedrich Karl"]
[Result "1/2-1/2"]
[WhiteElo "2044"]
[BlackElo "1907"]
[PlyCount "36"]
[EventDate "2005.09.02"]
[EventType "swiss"]
[EventRounds "9"]
[EventCountry "GER"]
[SourceTitle "EXT 2006"]
[Source "ChessBase"]
[SourceDate "2005.11.24"]
[SourceVersion "1"]
[SourceVersionDate "2005.11.24"]
[SourceQuality "1"]

1. d4 Nf6 2. Nf3 c5 3. e3 g6 4. c3 Bg7 5. dxc5 a5 6. Na3 Na6 7. Bxa6 Rxa6 8. Nb5 b6 9. cxb6 Rxb6 10. a4 d5 11. 0-0 Ba6 12. Re1 0-0 13. h3 Bxb5 14. axb5 Rxb5 15. Qa4 Qb6 16. Nd4 Rc5 17. Nb3 Rb5 18. Nd4 Rc5 1/2-1/2

[Event "Leverkusen-ch 15th"]
[Site "Leverkusen"]
[Date "2003.03.24"]
[Round "7"]
[White "Wilczek, Ralph"]
[Black "Hendrichs, Udo"]
[Result "1-0"]
[WhiteElo "2082"]
[BlackElo "1910"]
[PlyCount "109"]
[EventDate "2003.01.06"]
[EventType "swiss"]
[EventRounds "9"]
[EventCountry "GER"]
[SourceTitle "EXT 2006"]
[Source "ChessBase"]
[SourceDate "2005.11.24"]
[SourceVersion "1"]
[SourceVersionDate "2005.11.24"]
[SourceQuality "1"]

1. d4 g6 2. h4 Nf6 3. Nf3 d5 4. Bf4 Bg7 5. e3 Bg4 6. c4 c6 7. Qb3 Bxf3 8. gxf3 Qb6 9. c5 Qxb3 10. axb3 0-0 11. Nc3 Nh5 12. Bh2 Nd7 13. f4 f5 14. Be2 b6 15. b4 bxc5 16. bxc5 Rfb8 17. 0-0-0 Ndf6 18. f3 Rb3 19. Rd2 e6 20. Bd1 Rb4 21. Ba4 Rc8 22. Bd1 Nd7 23. Rc2 Kf7 24. Bg1 Bf6 25. Bf2 Rcb8 26. Na2 R4b5 27. Be1 Rb3 28. Re2 R3b7 29. Ba4 Nxc5 30. dxc5 Bxb2+ 31. Kd1 Ba3 32. Rc2 d4 33. exd4 Nxf4 34. Bxc6 Rb1+ 35. Kd2 R8b3 36. Nc3 Rxc3 37. Rxc3 Bb4 38. Kc2 Ra1 39. Rb3 Bxe1 40. Rb7+ Kf8 41. Bb5 Nd5 42. c6 Nb4+ 43. Kb2 Bc3+ 44. Kxc3 Nd5+ 45. Kb2 Rxh1 46. Bc4 Ne7 47. c7 Rxh4 48. Kc3 Rh3 49. Bxe6 Rxf3+ 50. Kc4 Rf1 51. d5 Rc1+ 52. Kd4 f4 53. d6 Rd1+ 54. Kc5 Rc1+ 55. Bc4 1-0

[Event "Leverkusen-ch 15th"]
[Site "Leverkusen"]
[Date "2003.02.24"]
[Round "5"]
[White "Wilczek, Ralph"]
[Black "Lukovski, Lev"]
[Result "1/2-1/2"]
[WhiteElo "2082"]
[BlackElo "1952"]
[PlyCount "37"]
[EventDate "2003.01.06"]
[EventType "swiss"]
[EventRounds "9"]
[EventCountry "GER"]
[SourceTitle "EXT 2006"]
[Source "ChessBase"]
[SourceDate "2005.11.24"]
[SourceVersion "1"]
[SourceVersionDate "2005.11.24"]
[SourceQuality "1"]

1. d4 g6 2. Nf3 Bg7 3. h4 Nf6 4. Nc3 d5 5. Bf4 c6 6. e3 Bg4 7. Qd2 Nbd7 8. Ne5 Nxe5 9. Bxe5 Ne4 10. Nxe4 Bxe5 11. dxe5 dxe4 12. Qc3 Qb6 13. a4 a5 14. Qd4 Qxd4 15. exd4 Rd8 16. c3 f6 17. exf6 exf6 18. Bc4 Ke7 19. Kd2 1/2-1/2

[Event "Leverkusen-ch op 14th"]
[Site "Leverkusen"]
[Date "2002.04.08"]
[Round "7"]
[White "Boehm, Stefan"]
[Black "Wilczek, Ralph"]
[Result "0-1"]
[WhiteElo "2038"]
[BlackElo "2033"]
[PlyCount "66"]
[EventDate "2002.01.14"]
[EventType "swiss"]
[EventRounds "9"]
[EventCountry "GER"]
[SourceTitle "EXT 2004"]
[Source "ChessBase"]
[SourceDate "2003.11.25"]
[SourceVersion "1"]
[SourceVersionDate "2003.11.25"]
[SourceQuality "1"]

1. d4 g6 2. c4 Bg7 3. e4 d6 4. Nc3 Nc6 5. d5 Nd4 6. Be3 c5 7. Nge2 Qb6 8. Qd2 Nf6 9. f3 Nd7 10. Rd1 Nxe2 11. Bxe2 0-0 12. b3 Ne5 13. Bh6 Qb4 14. Bxg7 Kxg7 15. Rc1 f5 16. Qg5 Rf6 17. 0-0 f4 18. Qh4 h6 19. g4 g5 20. Qe1 Bd7 21. Qd2 a6 22. Qb2 Rh8 23. Nd1 h5 24. h4 hxg4 25. hxg5 Rg6 26. fxg4 Rxg5 27. Nf2 Kg8 28. Rc3 Bxg4 29. Bxg4 Nxg4 30. Nh3 Rg7 31. Rxf4 Rxh3 32. Rxh3 Qe1+ 33. Kg2 Ne5+ 0-1

[Event "Leverkusen-ch op 14th"]
[Site "Leverkusen"]
[Date "2002.02.25"]
[Round "4"]
[White "Wilczek, Ralph"]
[Black "Hoffmann, Hans Paul"]
[Result "1/2-1/2"]
[WhiteElo "2033"]
[BlackElo "1942"]
[PlyCount "86"]
[EventDate "2002.01.14"]
[EventType "swiss"]
[EventRounds "9"]
[EventCountry "GER"]
[SourceTitle "EXT 2004"]
[Source "ChessBase"]
[SourceDate "2003.11.25"]
[SourceVersion "1"]
[SourceVersionDate "2003.11.25"]
[SourceQuality "1"]

1. d4 d5 2. Nf3 e6 3. g3 f5 4. Bg2 Nf6 5. 0-0 Be7 6. b3 0-0 7. Ba3 Nbd7 8. c4 c6 9. Qc1 Ne4 10. Qb2 Nd6 11. Nbd2 Nf6 12. Ne5 Bd7 13. f3 Be8 14. Rae1 Bh5 15. e3 a5 16. Qc1 Nf7 17. Nd3 Bg6 18. Bb2 a4 19. Nf4 Qd7 20. e4 dxe4 21. fxe4 axb3 22. axb3 Bb4 23. Nxe6 Nxe4 24. Nxf8 Rxf8 25. Nxe4 fxe4 26. Bc3 Bxc3 27. Qxc3 Re8 28. Rf2 Nd6 29. Rfe2 Re7 30. Qb4 Ne8 31. Kh1 Nf6 32. Bh3 Qd8 33. Qc5 b6 34. Qxc6 Qxd4 35. Be6+ Kh8 36. b4 h6 37. c5 bxc5 38. bxc5 Bh5 39. Re3 Bf3+ 40. Kg1 Rxe6 41. Qxe6 Nd5 42. Qc8+ Kh7 43. Qf5+ Kh8 1/2-1/2

[Event "Leverkusen-ch op 14th"]
[Site "Leverkusen"]
[Date "2002.01.28"]
[Round "2"]
[White "Wilczek, Ralph"]
[Black "Puetzkaul, Karl"]
[Result "1/2-1/2"]
[WhiteElo "2033"]
[BlackElo "1815"]
[PlyCount "36"]
[EventDate "2002.01.14"]
[EventType "swiss"]
[EventRounds "9"]
[EventCountry "GER"]
[SourceTitle "EXT 2004"]
[Source "ChessBase"]
[SourceDate "2003.11.25"]
[SourceVersion "1"]
[SourceVersionDate "2003.11.25"]
[SourceQuality "1"]

1. d4 e6 2. Nf3 Nf6 3. e3 d5 4. Bd3 c5 5. b3 Nc6 6. a3 Be7 7. Nbd2 0-0 8. 0-0 Qc7 9. Bb2 b6 10. Qe2 Bb7 11. dxc5 bxc5 12. e4 dxe4 13. Nxe4 e5 14. Ng3 Nd4 15. Nxd4 exd4 16. Rae1 Rfe8 17. Nh5 Nxh5 18. Qxh5 g6 1/2-1/2

[Event "Duesseldorf-ch"]
[Site "Ratingen"]
[Date "2001.12.15"]
[Round "9.2"]
[White "Liedtke, Dirk"]
[Black "Wilczek, Ralph"]
[Result "1/2-1/2"]
[WhiteElo "2173"]
[BlackElo "2168"]
[PlyCount "86"]
[EventDate "2001.12.15"]
[EventType "swiss"]
[EventRounds "9"]
[EventCountry "GER"]
[SourceTitle "EXT 2003"]
[Source "ChessBase"]
[SourceDate "2002.11.25"]
[SourceVersion "1"]
[SourceVersionDate "2002.11.25"]
[SourceQuality "1"]

1. g3 g6 2. Bg2 Bg7 3. c4 d6 4. Nc3 f5 5. d3 Nf6 6. e4 fxe4 7. dxe4 e5 8. Nge2 0-0 9. 0-0 Be6 10. Nd5 c6 11. Nxf6+ Bxf6 12. b3 c5 13. Qd3 Nc6 14. Bh6 Bg7 15. Bxg7 Kxg7 16. Rad1 Nd4 17. Nxd4 cxd4 18. f4 Rc8 19. f5 Bd7 20. h4 b5 21. Rf2 bxc4 22. bxc4 Qc7 23. Bf1 Qd8 24. Qa3 Qe7 25. f6+ Rxf6 26. Rxf6 Kxf6 27. Qxa7 Bg4 28. Qxe7+ Kxe7 29. Rb1 Rc7 30. Rb2 Bf3 31. Bd3 Bg4 32. Kf2 Ra7 33. Ke1 Be6 34. Kd2 Kf6 35. Rc2 g5 36. Rb2 gxh4 37. gxh4 Ra4 38. Rc2 Ra8 39. Rb2 Rg8 40. Rb6 Rg2+ 41. Ke1 Rxa2 42. Rxd6 Ra3 43. Kd2 Rc3 1/2-1/2

[Event "Duesseldorf-ch"]
[Site "Ratingen"]
[Date "2001.11.03"]
[Round "5.1"]
[White "Heidel, Andre Nicolas"]
[Black "Wilczek, Ralph"]
[Result "1-0"]
[WhiteElo "2154"]
[BlackElo "2168"]
[PlyCount "47"]
[EventDate "2001.12.15"]
[EventType "swiss"]
[EventRounds "9"]
[EventCountry "GER"]
[SourceTitle "EXT 2003"]
[Source "ChessBase"]
[SourceDate "2002.11.25"]
[SourceVersion "1"]
[SourceVersionDate "2002.11.25"]
[SourceQuality "1"]

1. Nf3 g6 2. d4 Bg7 3. e4 e6 4. Be3 Ne7 5. Nbd2 d6 6. c3 b6 7. h4 h6 8. Nh2 Bb7 9. h5 g5 10. f4 f6 11. Qb3 d5 12. Ng4 dxe4 13. fxg5 fxg5 14. Bb5+ c6 15. Bc4 Nd5 16. 0-0 b5 17. Nxe4 Rf8 18. Rxf8+ Kxf8 19. Rf1+ Kg8 20. Bxd5 exd5 21. Nef6+ Kf7 22. Nxd5+ Ke8 23. Ndf6+ Ke7 24. Ng8+ 1-0

[Event "Feffernitz Raika op 08th"]
[Site "Feffernitz"]
[Date "1999.08.20"]
[Round "6.17"]
[White "Wilczek, Ralph"]
[Black "Kuttnig, Roland"]
[Result "1-0"]
[WhiteElo "2178"]
[BlackElo "1805"]
[PlyCount "49"]
[EventDate "1999.08.??"]
[EventType "swiss"]
[EventRounds "9"]
[EventCountry "AUT"]
[SourceTitle "EXT 2004"]
[Source "ChessBase"]
[SourceDate "2003.11.25"]
[SourceVersion "1"]
[SourceVersionDate "2003.11.25"]
[SourceQuality "1"]

1. d4 b5 2. Nf3 Bb7 3. g3 e6 4. Bg2 d5 5. 0-0 Nf6 6. Bg5 c5 7. e3 Nc6 8. c3 Be7 9. Bxf6 Bxf6 10. dxc5 0-0 11. Nd4 a6 12. Nd2 Qe7 13. b4 Rfd8 14. N2b3 Ne5 15. Na5 Nc4 16. Nxc4 bxc4 17. Qe2 e5 18. Nf5 Qc7 19. e4 a5 20. exd5 Bxd5 21. Bxd5 Rxd5 22. Qxc4 Rd2 23. Qe4 Rad8 24. a3 g6 25. Nd6 1-0

[Event "Niederrhein-ch"]
[Site "Niederrhein"]
[Date "1999.03.31"]
[Round "6"]
[White "Wilczek, Ralph"]
[Black "Preuschoff, Michael"]
[Result "0-1"]
[WhiteElo "2061"]
[BlackElo "2237"]
[PlyCount "142"]
[EventDate "1999.03.??"]
[EventType "swiss"]
[EventRounds "9"]
[EventCountry "GER"]
[SourceTitle "EXT 2002"]
[Source "ChessBase"]
[SourceDate "2001.11.25"]
[SourceVersion "1"]
[SourceVersionDate "2001.11.25"]
[SourceQuality "1"]

1. d4 e6 2. Nf3 c5 3. e3 Nf6 4. Bd3 b6 5. 0-0 Bb7 6. Nbd2 cxd4 7. exd4 Nc6 8. c3 Qc7 9. Re1 Ne7 10. Nf1 Ng6 11. Ng3 Be7 12. a4 a6 13. Qe2 Nf4 14. Bxf4 Qxf4 15. Qe5 Bd6 16. Qxf4 Bxf4 17. Ne4 Bc7 18. Nxf6+ gxf6 19. Be4 d5 20. Bd3 0-0 21. Nd2 Bc8 22. b4 a5 23. Bb5 Bf4 24. Nb3 axb4 25. cxb4 Bd6 26. Bc6 Ra7 27. b5 Bb4 28. Rec1 Bd7 29. Bxd7 Rxd7 30. Rc6 Rb8 31. g3 Kg7 32. f4 Kg6 33. Kf2 h5 34. Kf3 Ra7 35. Nc1 Rba8 36. Rxb6 Bc3 37. Rb1 Bxd4 38. Rc6 Rxa4 39. b6 Ra3+ 40. Ke2 Rb8 41. b7 Ra7 42. Rc7 e5 43. Rb5 Kf5 44. Nb3 Bg1 45. Na5 Rxa5 46. Rxa5 Bb6 47. Rc8 Rxb7 48. Rxd5 Bg1 49. Rh8 Bxh2 50. fxe5 Ke4 51. Rd3 Rb2+ 52. Rd2 Rxd2+ 53. Kxd2 fxe5 54. Rxh5 Bxg3 55. Rh7 f5 56. Ke2 f4 57. Ra7 f3+ 58. Kf1 Kf4 59. Rf7+ Ke3 60. Ra7 e4 61. Ra3+ Kd4 62. Ra4+ Kd5 63. Ra5+ Ke6 64. Ra6+ Kf5 65. Ra8 e3 66. Ra5+ Be5 67. Ra4 Bc3 68. Ra2 Ke4 69. Rc2 Bd2 70. Rc4+ Kd3 71. Rd4+ Kxd4 0-1

[Event "Niederrhein-ch"]
[Site "Niederrhein"]
[Date "1999.03.29"]
[Round "4"]
[White "Wilczek, Ralph"]
[Black "Ciaxz, Ralf"]
[Result "1/2-1/2"]
[WhiteElo "2061"]
[BlackElo "2066"]
[PlyCount "32"]
[EventDate "1999.03.??"]
[EventType "swiss"]
[EventRounds "9"]
[EventCountry "GER"]
[SourceTitle "EXT 2002"]
[Source "ChessBase"]
[SourceDate "2001.11.25"]
[SourceVersion "1"]
[SourceVersionDate "2001.11.25"]
[SourceQuality "1"]

1. d4 d5 2. Nf3 Nf6 3. e3 e6 4. Bd3 c5 5. b3 Bd6 6. Bb2 Nbd7 7. 0-0 0-0 8. Ne5 cxd4 9. exd4 Qc7 10. Qe2 Re8 11. a3 Nf8 12. Nd2 b6 13. f4 N6d7 14. Qh5 Nf6 15. Qe2 N6d7 16. Qh5 Nf6 1/2-1/2

[Event "Duesseldorf"]
[Site "Duesseldorf"]
[Date "1998.10.13"]
[Round "4"]
[White "Liedtke, Dirk"]
[Black "Wilczek, Ralph"]
[Result "1/2-1/2"]
[WhiteElo "2195"]
[BlackElo "2090"]
[PlyCount "34"]
[EventDate "1998.10.18"]
[EventType "tourn"]
[EventRounds "9"]
[EventCountry "GER"]
[SourceTitle "EXT 2002"]
[Source "ChessBase"]
[SourceDate "2001.11.25"]
[SourceVersion "1"]
[SourceVersionDate "2001.11.25"]
[SourceQuality "1"]

1. e4 g6 2. d4 d6 3. Nc3 Bg7 4. h4 h6 5. Be3 a6 6. a4 b6 7. Nge2 e6 8. Qd2 Ne7 9. f3 Bb7 10. Nc1 Nd7 11. Nb3 Nf6 12. Be2 d5 13. e5 Nd7 14. g4 Qc8 15. h5 g5 16. a5 b5 17. 0-0 c5 1/2-1/2